000 01004nam a2200241 a 4500
001 000016065
005 20260326111855.0
008 091125s2000 dr r 000 0 spa d
040 _aDO-SdBNP
_bspa
_cBNPHU
082 _a347.7293013
_bR426L, 1983
110 1 _aRepública Dominicana
_9447
240 1 0 _a[Leyes, etc.]
245 1 0 _aLey no. 821 de organización judicial y sus modificaciones del 21 de noviembre de 1927 G.O. no. 3921, incluye las de la ley no. 50-00 que modifica los literales a)y b)la ley no. 248 del 1981, que modificó la ley de organización judicial no.821 del año 1927.
260 _aSanto Domingo :
_b[s.n.],
_c2000.
300 _a76 p. ;
_c21 cm.
590 _aInventariado, 2018/BT
650 0 _aAdministración de justicia
_910083
650 0 _aJueces
_936034
650 4 _aPoder judicial
_xLegislación
_930796
650 4 _aTribunales
_zRepública Dominicana
_936035
651 4 _aRepública Dominicana
_xLey 821-27
_930797
910 _aValidado. control de calidad. MFF
999 _c15606
_d15606